000 00377 a2200157 4500
001 58154
020 _a
040 _cAnchieta - Pituba
100 _aRodrigues, Gualdino Avelino
240 1 0 _aO Ășltimo concerto no jardim municipal
_lpor
245 1 0 _aO Ășltimo concerto no jardim municipal
300 _a70
362 0 _a1996
650 4 _aPoesia portuguesa
942 _cBK
999 _c58154
_d58154